<?xml version="1.0" encoding="UTF-8"?>
<record
    xmlns:xsi="http://www.w3.org/2001/XMLSchema-instance"
    xsi:schemaLocation="http://www.loc.gov/MARC21/slim http://www.loc.gov/standards/marcxml/schema/MARC21slim.xsd"
    xmlns="http://www.loc.gov/MARC21/slim">

  <leader>00802nam a2200265Ia 4500</leader>
  <controlfield tag="001">AUWbook000803</controlfield>
  <controlfield tag="003">BDCtgAUW</controlfield>
  <controlfield tag="005">20260406154922.0</controlfield>
  <controlfield tag="008">220908s9999    xx            000 0 eng d</controlfield>
  <datafield tag="020" ind1=" " ind2=" ">
    <subfield code="a">0937694398</subfield>
  </datafield>
  <datafield tag="040" ind1=" " ind2=" ">
    <subfield code="a">BDCtgAUW</subfield>
    <subfield code="c">BDCtgAUW</subfield>
  </datafield>
  <datafield tag="050" ind1=" " ind2=" ">
    <subfield code="a">DS119.7.R64</subfield>
  </datafield>
  <datafield tag="100" ind1="1" ind2=" ">
    <subfield code="a">Rokach, Livia.</subfield>
    <subfield code="9">6733</subfield>
  </datafield>
  <datafield tag="245" ind1=" " ind2="0">
    <subfield code="a">Israel's sacred terrorism :</subfield>
    <subfield code="b">study based on moshe sharett's personal diary and other documents /</subfield>
  </datafield>
  <datafield tag="260" ind1=" " ind2=" ">
    <subfield code="a">Belmont :</subfield>
    <subfield code="b">Association of Arab-American University Graduates,</subfield>
    <subfield code="c">1982.</subfield>
  </datafield>
  <datafield tag="490" ind1="1" ind2=" ">
    <subfield code="a">AAUG information paper series ;</subfield>
    <subfield code="v">no. 23</subfield>
  </datafield>
  <datafield tag="650" ind1=" " ind2="0">
    <subfield code="a">Arab</subfield>
    <subfield code="x">Israeli conflict.</subfield>
    <subfield code="9">79238</subfield>
  </datafield>
  <datafield tag="650" ind1=" " ind2="0">
    <subfield code="a">History.</subfield>
  </datafield>
  <datafield tag="650" ind1=" " ind2="0">
    <subfield code="a">World history.</subfield>
  </datafield>
  <datafield tag="700" ind1="1" ind2=" ">
    <subfield code="a">Chomsky, Noam (Intro.).</subfield>
    <subfield code="9">6737</subfield>
  </datafield>
  <datafield tag="887" ind1=" " ind2=" ">
    <subfield code="a"> BRAC</subfield>
    <subfield code="2">2982</subfield>
  </datafield>
  <datafield tag="888" ind1=" " ind2=" ">
    <subfield code="2">2982</subfield>
  </datafield>
  <datafield tag="942" ind1=" " ind2=" ">
    <subfield code="c">BK</subfield>
    <subfield code="0">0</subfield>
    <subfield code="2">lcc</subfield>
  </datafield>
  <datafield tag="945" ind1=" " ind2=" ">
    <subfield code="c">BK</subfield>
  </datafield>
  <datafield tag="999" ind1=" " ind2=" ">
    <subfield code="c">16887</subfield>
    <subfield code="d">16887</subfield>
  </datafield>
</record>
